Регионална библиотека "Любен Каравелов" - Русе

Социалистическата организация на трудав сферата на общественото обслужване (Запис номер 398266)

MARC детайли
000 -Лидер
Контролно поле с фиксирана дължина nkm a22 a 4500
003 - Код на организацията, давaща контролен номер
Контролно поле BLK
005 - Дата и час на последна редакция
Контролно поле 20221208031034.0
008 - Елементи от данни с фиксирана дължина
fixed length control field 210212b bu ||||| |||| 00| 0 bu d
040 ## - Източник на каталожния запис
Идентификатор на билиотеката - собственик на записа BLK
041 ## - Код за език
Код за езика на текст/звукозапис или на отделно заглавие Български
Код за езика КДБФ Български
080 ## - УДК
Текстов определител УДК Организация на труда. Вж и 651 ; 658
УДК код - определител по УДК 331.103
УДК - код + определител 331.103
080 ## - УДК
Текстов определител УДК Общи въпроси на търговията. Пазар
УДК код - определител по УДК 339.1
УДК - код + определител 339.1
100 ## - Редна дума - Автор
R(LIN) 385783
Автор Опров, Кръстю Георгиев
Авторска отговорност първи автор
139 ## - Редно поле
Редна дума Опров, Кръстю Георгиев
Авторски знак Опр - О 63
245 ## - Сведения за заглавието
Заглавие Социалистическата организация на трудав сферата на общественото обслужване
Подзаглавни данни Нагледно помагало
Редно поле (дума) Кръстьо Георгиев Опров, Деян Оронов; худ. Г. Стоянов
257 ## - Страна на издаване
Страна на създаване/издаване България
260 ## - Област на издателските данни
9 (RLIN) 210539
Място на издаване, разпространение и проч. София
Име на издателя, разпространителя и проч. Септември
Година на издаване 1980
Издателство - префикс ISBN 954-406-
300 ## - Физическа характеристика
Илюстрации и др. 1 папка (39 отд. цв. л. сх., табл., диагр.
Размери/Мащаб 42 х 30 см
380 ## - Жанр
Жанр Обществени науки
650 #0 - Допълнително описание по предмет – тема
9 (RLIN) 274764
Основно описание – тема или топоним Организация на труда, социалистическа
650 #0 - Допълнително описание по предмет – тема
9 (RLIN) 419764
Основно описание – тема или топоним Агитация, нагледна
653 #7 - Ключова дума – ненормативна
9 (RLIN) 192915
Ключова дума организация на труда
700 ## - Други автори (авторска отговорност)
Лично име Оронов, Деян
Автороска отговорност (Описва отношението между автора и произведението) съавт.
9 (RLIN) 1445
852 ## - Местоположение
Форматна сигнатура Цб ІІІ 416
Фондова буква Хранилище
856 ## - Електронен адрес и достъп
Инструкция (цена за достъп) 0.00
Права за достъп disable
999 ## - СИСТЕМНИ КОНТРОЛНИ НОМЕРА
Koha biblionumber 398266
Koha biblioitemnumber 398266
942 ## - АРТИКУЛИ
Вид на библиотечния материал Графични издания
Скрит в OPAC Не
Периодичен библиозапис Да
944 ## - СЪЗДАВАНЕ И РЕДАКЦИЯ на ЗАПИСА
Създаване/Редакция Създаване
Дата на регистрацията/редакция 2021-02-12
Служител, извършил регистрацията/редакцията Христина Везирева
999 ## - СИСТЕМНИ КОНТРОЛНИ НОМЕРА
Koha biblioitemnumber 398266
999 ## - СИСТЕМНИ КОНТРОЛНИ НОМЕРА
Koha biblioitemnumber 398266
999 ## - СИСТЕМНИ КОНТРОЛНИ НОМЕРА
Koha biblioitemnumber 398266
Наличности
Код за отписване Код за изгубен артикул Източник на класификационната схема Код за повреда Коз за рестрикции Код за отдаване Артикулен № Име на библиотеката - собственик Име на библиотеката, в която се намира в момента Статус (Текущо местоположение) Дата на вписване в системата Местоположение - отдел Цена в лева Инвентарен номер Систематично азбучна сигнатура Баркод Цена в евро Служебен тип на артикула
  Не е изгубен Universal Decimal Classification Не е повреден само за читалня ползва се в читалня 812304 Регионална библиотека "Любен Каравелов" Русе Регионална библиотека "Любен Каравелов" Русе Хранилище 2021-02-16 Хранилище 13.27 345086 Цб ІІІ 416 120000345086 6.78 Графични издания
Vip Innovations Ltd, Rousse, Bulgaria 2025